| 000 | 00420pab a2200157 454500 | ||
|---|---|---|---|
| 008 | 180718b2015 xxu||||| |||| 00| 0 eng d | ||
| 100 | _aAjvazov, Alexandr | ||
| 245 | _aInequality and the American economy of the USA | ||
| 260 | _c2015 | ||
| 300 | _ap.124-135. | ||
| 362 | _aJan- Mar | ||
| 650 | _aIncome distribution - United States | ||
| 650 | _aIncome distribution | ||
| 773 | _aWorld Affairs | ||
| 909 | _a107851 | ||
| 999 |
_c107846 _d107846 |
||